Countries Containing Capital Cities Quiz Stats

 Plays Quiz Updated Oct 11, 2018

Score 0/15 Timer 05:00
9 Plays Today
% Correct
Athens
90.1%
Quito
89.1%
Beirut
86.8%
Nassau
86.7%
Hanoi
86.5%
Berlin
85.4%
Rome
85%
Bogotá
84.9%
% Correct
Praia
83.6%
Lima
83.4%
Sana'a
82.1%
Rabat
80.7%
Lomé
78.6%
Riga
71.2%
Oslo
70.8%

You're not logged in!

Compare scores with friends on all Sporcle quizzes.
OR
Log In

Sporcle TV

Today on Sporcle TV


Watch our educational content, quiz creation guides, and fun videos on Sporcle TV.

Show Comments

Extras

Top Quizzes Today


Score Distribution

Your Account Isn't Verified!

In order to create a playlist on Sporcle, you need to verify the email address you used during registration. Go to your Sporcle Settings to finish the process.

Report this User

Report this user for behavior that violates our Community Guidelines.

Details: